Ḥoveret medaʻ le-toshave Efrat : peʻilut ha-Moʻatsah ha-meḳomit Efrat lemaʻan toshavehah.

Disimpan dalam:
Butiran Bibliografi
Pengarang Korporat: Moʻatsah meḳomit Efrat (Israel). Lishkat ha-dover.
Format: Buku
Bahasa:Hebrew
Diterbitkan: Efrat : Lishkat ha-dover, ha-Moʻatsah ha-meḳomit Efrat, 757, 1997.
Subjek-subjek:
Penanda-penanda: Tambah Penanda
Tiada Penanda, Jadilah orang pertama menanda rekod ini!
LEADER 00624nam a22001817u 4500
001 008683038-4
005 20170628161055.0
008 010713s1997 wj |||||||heb|d
035 0 |a ocn234527484 
245 0 0 |a Ḥoveret medaʻ le-toshave Efrat :  |b peʻilut ha-Moʻatsah ha-meḳomit Efrat lemaʻan toshavehah. 
260 |a Efrat :  |b Lishkat ha-dover, ha-Moʻatsah ha-meḳomit Efrat,  |c 757, 1997. 
300 |a 96 p. :  |b ill. ;  |c 24 cm. 
610 2 0 |a Moʻatsah meḳomit Efrat. 
651 0 |a Efrat (Israel) 
710 2 |a Moʻatsah meḳomit Efrat (Israel).  |b Lishkat ha-dover. 
752 |a Israel  |d Efrat. 
988 |a 20020608 
906 |0 MH